| 000 | 00433nam a2200169Ia 4500 | ||
|---|---|---|---|
| 008 | 140620t2012 xxu||||| |||| 00| 0 sin d | ||
| 041 | _asin | ||
| 080 |
_aX8S31 _bWIC |
||
| 100 | _aWickramarachchi, Nandadasa | ||
| 245 | _aධවල පුෂ්පය | ||
| 246 | _aDhawala Swapnaya | ||
| 260 |
_bSarasavi _aNugegoda _c2012 |
||
| 300 | _ap.344p., 21 cm | ||
| 942 | _cBK | ||
| 999 |
_c73907 _d73907 |
||
| 003 | LK-CoDNM | ||
| 040 |
_aLK-CoDNM _dLK-CoDNM _eLK-CoDNM |
||